000 00485nam a22001817a 4500
003 OSt
005 20160518110757.0
008 160518b xxu||||| |||| 00| 0 eng d
010 _a949315842
020 _a0774733004
040 _cn/a
050 _aHM51
_b .B79 1995
100 _aBrym,Robert J.
245 _aNew Society:sociology for the 21st c.
_crobert j.brym
260 _aToronto,Canada
_bHarcourt Brace & co.
_cc1995
300 _av,various pagings
_bill
942 _2lcc
_cBK
999 _c253834
_d253833